[Event "Marienbad Open 2016"]
[Site "Marianske Lazne CZE"]
[Date "2016.01.22"]
[Round "8.18"]
[White "Paldus, Petr"]
[Black "Panos, Jan"]
[Result "1-0"]
[WhiteElo "2019"]
[BlackElo "1819"]
[PlyCount "31"]
[EventDate "2016.01.16"]
[EventType "swiss"]
[EventRounds "9"]
[EventCountry "CZE"]
[Source "lmi"]
[SourceDate "2016.01.16"]

1. e4 e5 2. d4 d5 3. exd5 exd4 4. Nf3 Nf6 5. Bd3 Bd6 6. Qe2+ Qe7 7. Qxe7+ Bxe7
8. Bf4 c6 9. O-O O-O 10. Re1 Re8 11. Nbd2 Bg4 12. h3 Bh5 13. g4 Bg6 14. g5 Nh5
15. Bd6 Kf8 16. Rxe7 1-0

[Event "Marienbad Open 2016"]
[Site "Marianske Lazne CZE"]
[Date "2016.01.22"]
[Round "8.20"]
[White "Vavra, Pavel"]
[Black "Strukova, Ksenia"]
[Result "1/2-1/2"]
[WhiteElo "1993"]
[BlackElo "1707"]
[PlyCount "82"]
[EventDate "2016.01.16"]
[EventType "swiss"]
[EventRounds "9"]
[EventCountry "CZE"]
[Source "lmi"]
[SourceDate "2016.01.16"]

1. d4 Nf6 2. Nf3 g6 3. c4 Bg7 4. Nc3 d6 5. Bg5 Nbd7 6. e3 O-O 7. Be2 c6 8. O-O
Qc7 9. Qc2 e5 10. Rad1 Re8 11. dxe5 dxe5 12. h3 a5 13. Nd2 Nc5 14. Bxf6 Bxf6
15. Nde4 Nxe4 16. Nxe4 Be7 17. Rd2 f5 18. Nc3 Be6 19. Rfd1 Bf8 20. a3 Bg7 21.
Na4 b6 22. c5 b5 23. Nb6 Rad8 24. a4 b4 25. Bc4 Rxd2 26. Bxe6+ Rxe6 27. Rxd2
Re7 28. Qb3+ Kf8 29. Qd1 Ke8 30. Nc4 Rd7 31. Nd6+ Kf8 32. g4 Qd8 33. Qb3 Qe7
34. Qc4 e4 35. Qa6 fxg4 36. hxg4 Be5 37. Nf5 Qd8 38. Nd6 Bxd6 39. cxd6 Rxd6 40.
Rxd6 Qxd6 41. Qxa5 Qd1+ 1/2-1/2

[Event "Marienbad Open 2016"]
[Site "Marianske Lazne CZE"]
[Date "2016.01.22"]
[Round "8.22"]
[White "Jedrocha, Katarzyna"]
[Black "Kral, Ladislav"]
[Result "1-0"]
[WhiteElo "1945"]
[BlackElo "1623"]
[PlyCount "55"]
[EventDate "2016.01.16"]
[EventType "swiss"]
[EventRounds "9"]
[EventCountry "CZE"]
[Source "lmi"]
[SourceDate "2016.01.16"]

1. d4 d5 2. Nc3 Nf6 3. Bg5 h6 4. Bh4 Bf5 5. f3 Nbd7 6. e3 c6 7. Bd3 Bxd3 8.
cxd3 e5 9. dxe5 Nxe5 10. d4 Ng6 11. Bg3 Bd6 12. Nge2 O-O 13. O-O Re8 14. Qd2
Qc7 15. Rac1 Re7 16. Nb5 Qd7 17. Bxd6 cxb5 18. Bxe7 Qxe7 19. Ng3 Qd7 20. e4
dxe4 21. fxe4 Re8 22. Rfe1 h5 23. Qd3 Nf4 24. Qe3 g5 25. e5 Qd5 26. Qd2 Ng4 27.
Nxh5 Ne6 28. h3 1-0

[Event "Marienbad Open 2016"]
[Site "Marianske Lazne CZE"]
[Date "2016.01.22"]
[Round "8.23"]
[White "Chekletsov, Egor"]
[Black "Zabrzanska, Weronika"]
[Result "1-0"]
[WhiteElo "1908"]
[BlackElo "1316"]
[PlyCount "75"]
[EventDate "2016.01.16"]
[EventType "swiss"]
[EventRounds "9"]
[EventCountry "CZE"]
[Source "lmi"]
[SourceDate "2016.01.16"]

1. d4 d5 2. c4 c6 3. cxd5 cxd5 4. Nc3 Nf6 5. Nf3 Bf5 6. Bf4 a6 7. e3 e6 8. Qa4+
Qd7 9. Bb5 Nc6 10. Ne5 Qc8 11. Bxc6+ bxc6 12. Nxc6 Nd7 13. Ne5 Be7 14. Rc1 Qb7
15. O-O f6 16. Nxd7 Qxd7 17. Qxd7+ Kxd7 18. Na4 Bd8 19. Rc3 Ra7 20. Rfc1 Ba5
21. Rc5 Bd8 22. R5c3 Ba5 23. b4 Bd8 24. Bb8 Ra8 25. Bc7 Ra7 26. Nb6+ Ke8 27.
Bxd8 Kf7 28. Rc7+ Rxc7 29. Bxc7 Bd3 30. Rc3 Bb1 31. a4 Bf5 32. f3 h6 33. g4 Bg6
34. Bd6 Rd8 35. Rc7+ Kg8 36. Rc8 Rxc8 37. Nxc8 Bc2 38. b5 1-0

[Event "Marienbad Open 2016"]
[Site "Marianske Lazne CZE"]
[Date "2016.01.22"]
[Round "8.27"]
[White "Hoke, Petr"]
[Black "Von Keyserlingk, Chanda"]
[Result "1-0"]
[WhiteElo "1931"]
[BlackElo "1760"]
[PlyCount "120"]
[EventDate "2016.01.16"]
[EventType "swiss"]
[EventRounds "9"]
[EventCountry "CZE"]
[Source "lmi"]
[SourceDate "2016.01.16"]

1. e4 c6 2. d3 d5 3. Nd2 e5 4. c3 Nf6 5. Ngf3 Bd6 6. Be2 O-O 7. O-O Nbd7 8. Re1
Re8 9. a3 Nf8 10. Rb1 Ng6 11. g3 a5 12. b4 axb4 13. axb4 b5 14. Qc2 Qb6 15. Nb3
Ng4 16. Bf1 d4 17. cxd4 Bxb4 18. Re2 Bd6 19. h3 Nf6 20. Be3 Qb8 21. Qxc6 Bd7
22. Qc2 Rc8 23. Qd1 b4 24. d5 Ra3 25. Rc2 Ba4 26. Rxc8+ Qxc8 27. Bc1 Ra2 28.
Bb2 Qb8 29. Nfd2 Qa7 30. Qc1 h5 31. Ra1 Rxa1 32. Qxa1 Qd7 33. Qc1 h4 34. Nc5
Bxc5 35. Qxc5 hxg3 36. fxg3 Nh5 37. Kh2 Qd8 38. Nf3 Bd7 39. Qd6 Qc8 40. Bxe5
Qc2+ 41. Kg1 Nxe5 42. Nxe5 Be8 43. Qxb4 Qc1 44. Qb6 Qg5 45. Ng4 Kh7 46. Qe3 Qe7
47. e5 Qb4 48. Kh2 Qb2+ 49. Bg2 Bd7 50. Qe4+ Kh8 51. e6 fxe6 52. dxe6 Be8 53.
d4 Qa3 54. Qf3 Qd6 55. d5 Bg6 56. Qe3 Be8 57. Qe5 Qa6 58. d6 Qd3 59. d7 Bg6 60.
Qb8+ Kh7 1-0

[Event "Marienbad Open 2016"]
[Site "Marianske Lazne CZE"]
[Date "2016.01.22"]
[Round "8.30"]
[White "Yudin, Mikhail"]
[Black "Simecek, Jan"]
[Result "0-1"]
[WhiteElo "1423"]
[BlackElo "1875"]
[PlyCount "72"]
[EventDate "2016.01.16"]
[EventType "swiss"]
[EventRounds "9"]
[EventCountry "CZE"]
[Source "lmi"]
[SourceDate "2016.01.16"]

1. e4 c6 2. d4 d5 3. Nc3 dxe4 4. Nxe4 Bf5 5. Ng3 Bg6 6. Nh3 h6 7. Be2 Nf6 8.
O-O e6 9. f4 Ne4 10. Nxe4 Bxe4 11. Nf2 Bh7 12. c3 Bd6 13. Nd3 Nd7 14. Ne5 Qe7
15. Nxd7 Qxd7 16. Qa4 Qc7 17. b4 O-O 18. Bb2 Bxf4 19. g3 Bxg3 20. hxg3 Qxg3+
21. Kh1 Be4+ 22. Bf3 Bxf3+ 23. Rxf3 Qxf3+ 24. Kh2 Qf2+ 25. Kh1 Qxb2 26. Rg1
Qxc3 27. Rg2 Rad8 28. Qd1 Rxd4 29. Qh5 Qe1+ 30. Rg1 Rh4+ 31. Kg2 Qxg1+ 32. Kxg1
Rxh5 33. Kg2 Rf5 34. Kg3 Rd8 35. Kg2 Rd2+ 36. Kh1 Rf1# 0-1

[Event "Marienbad Open 2016"]
[Site "Marianske Lazne CZE"]
[Date "2016.01.23"]
[Round "9.1"]
[White "Ilandzis, Spyridon"]
[Black "Voinikonis, Nikita"]
[Result "1/2-1/2"]
[WhiteElo "2136"]
[BlackElo "1972"]
[PlyCount "44"]
[EventDate "2016.01.16"]
[EventType "swiss"]
[EventRounds "9"]
[EventCountry "CZE"]
[Source "lmi"]
[SourceDate "2016.01.16"]

1. d4 d5 2. c4 e6 3. Nc3 Be7 4. Nf3 Nf6 5. Bg5 O-O 6. e3 h6 7. Bxf6 Bxf6 8. Qc2
c5 9. dxc5 dxc4 10. Bxc4 Nd7 11. Ne4 Nxc5 12. Nxf6+ Qxf6 13. O-O a5 14. Rfd1 b6
15. Rd6 Bb7 16. Rxb6 Rac8 17. Qe2 Bxf3 18. Qxf3 Qxf3 19. gxf3 Na4 20. Rb5 Rxc4
21. b3 Rb4 22. bxa4 Rxa4 1/2-1/2

[Event "Marienbad Open 2016"]
[Site "Marianske Lazne CZE"]
[Date "2016.01.23"]
[Round "9.6"]
[White "Marczuk, Dominik"]
[Black "Dovzhenko, Viktor"]
[Result "1-0"]
[WhiteElo "2277"]
[BlackElo "2194"]
[PlyCount "67"]
[EventDate "2016.01.16"]
[EventType "swiss"]
[EventRounds "9"]
[EventCountry "CZE"]
[Source "lmi"]
[SourceDate "2016.01.16"]

1. e4 g6 2. d4 d6 3. Nc3 Bg7 4. f4 c6 5. Nf3 b5 6. e5 Nh6 7. Be3 Qc7 8. Bd3 f6
9. Qe2 b4 10. Ne4 Nf5 11. Bf2 fxe5 12. fxe5 O-O 13. O-O-O Nd7 14. g4 Nh6 15.
exd6 exd6 16. Bg3 Re8 17. Bxd6 Rxe4 18. Bxc7 Rxe2 19. Bxe2 Nxg4 20. Bc4+ Kh8
21. Rhe1 Bh6+ 22. Kb1 Ne3 23. Bb3 a5 24. Ne5 Nf5 25. Nf7+ Kg7 26. Nxh6 Kxh6 27.
Bf4+ g5 28. Bc1 Nxd4 29. h4 Nxb3 30. hxg5+ Kg7 31. axb3 Nf8 32. Re7+ Kg8 33.
Re8 a4 34. Rf1 1-0

[Event "Marienbad Open 2016"]
[Site "Marianske Lazne CZE"]
[Date "2016.01.23"]
[Round "9.8"]
[White "Srienz, Christian"]
[Black "Semenova, Irina"]
[Result "1-0"]
[WhiteElo "2239"]
[BlackElo "2160"]
[PlyCount "61"]
[EventDate "2016.01.16"]
[EventType "swiss"]
[EventRounds "9"]
[EventCountry "CZE"]
[Source "lmi"]
[SourceDate "2016.01.16"]

1. Nf3 Nf6 2. d4 g6 3. Nbd2 d5 4. b4 Bg7 5. e3 O-O 6. Bb2 Bg4 7. c4 dxc4 8.
Bxc4 Nc6 9. a3 e6 10. O-O a6 11. Rc1 Ne7 12. Qc2 Bxf3 13. Nxf3 Ned5 14. Bxd5
Nxd5 15. e4 Nf6 16. Qxc7 Nxe4 17. Qxb7 Nd6 18. Qc6 Nb5 19. Rfd1 Bh6 20. Rc5 Qb8
21. Ne5 Qd8 22. Nd7 Re8 23. d5 Bg7 24. Bxg7 Kxg7 25. d6 Nxa3 26. Nb6 Rb8 27. d7
Rf8 28. Nc8 Rxb4 29. Qxa6 Nb5 30. Rxb5 Qxd7 31. Rxd7 1-0

[Event "Marienbad Open 2016"]
[Site "Marianske Lazne CZE"]
[Date "2016.01.23"]
[Round "9.23"]
[White "Strukova, Ksenia"]
[Black "Marczuk, Anna"]
[Result "0-1"]
[WhiteElo "1707"]
[BlackElo "1979"]
[PlyCount "60"]
[EventDate "2016.01.16"]
[EventType "swiss"]
[EventRounds "9"]
[EventCountry "CZE"]
[Source "lmi"]
[SourceDate "2016.01.16"]

1. e4 c5 2. Nf3 d6 3. d4 cxd4 4. Nxd4 Nf6 5. Nc3 a6 6. Be2 e5 7. Nb3 Be7 8. O-O
O-O 9. Re1 Be6 10. a4 Nc6 11. Be3 Nb4 12. Bf3 Rc8 13. Re2 Ng4 14. Bxg4 Bxg4 15.
f3 Be6 16. Rd2 Qc7 17. a5 f5 18. Bb6 Qb8 19. Nd5 Nxd5 20. exd5 Bd7 21. Nc1 Bg5
22. Rf2 Bb5 23. Nd3 e4 24. fxe4 fxe4 25. Rxf8+ Rxf8 26. Nf2 e3 27. Nd3 Re8 28.
Qg4 Bxd3 29. Qxg5 e2 30. Bf2 e1=Q+ 0-1

[Event "Marienbad Open 2016"]
[Site "Marianske Lazne CZE"]
[Date "2016.01.23"]
[Round "9.24"]
[White "Dwilewicz, Agata"]
[Black "Hoke, Petr"]
[Result "1-0"]
[WhiteElo "1581"]
[BlackElo "1931"]
[PlyCount "101"]
[EventDate "2016.01.16"]
[EventType "swiss"]
[EventRounds "9"]
[EventCountry "CZE"]
[Source "lmi"]
[SourceDate "2016.01.16"]

1. e4 e5 2. Nf3 d6 3. d4 Nd7 4. Nc3 c6 5. Bc4 Be7 6. O-O Ngf6 7. Re1 O-O 8. a4
a5 9. b3 exd4 10. Nxd4 Ne5 11. Bf1 d5 12. exd5 Nxd5 13. Nxd5 Qxd5 14. c4 Qd6
15. Ba3 c5 16. Nb5 Qb8 17. f4 Rd8 18. Qc2 Nc6 19. Rxe7 Nxe7 20. Bxc5 Qxf4 21.
Re1 Ng6 22. Be3 Qe5 23. Qf2 Qf5 24. Qb2 Bd7 25. Nd6 Qe5 26. Qxe5 Nxe5 27. Bb6
Nc6 28. Bxd8 Nxd8 29. Re7 Bc6 30. c5 Kf8 31. Rc7 Bd5 32. Bc4 Bxc4 33. Nxc4 Ra6
34. Nd6 Rc6 35. Rd7 Rxc5 36. Rxd8+ Ke7 37. Nxb7 Rc3 38. Rd4 Rxb3 39. Nxa5 Rc3
40. Nc4 f6 41. a5 Rc1+ 42. Kf2 Ra1 43. Rd3 Ra4 44. Rd4 Ra1 45. Re4+ Kd7 46. Kg3
Kc6 47. Kf3 Kd5 48. Nb6+ Kc6 49. Ra4 Rf1+ 50. Ke2 Rc1 51. Rc4+ 1-0

[Event "Marienbad Open 2016"]
[Site "Marianske Lazne CZE"]
[Date "2016.01.23"]
[Round "9.25"]
[White "Kassel, Walter"]
[Black "Zvereva, Margarita"]
[Result "0-1"]
[WhiteElo "1905"]
[BlackElo "1745"]
[PlyCount "72"]
[EventDate "2016.01.16"]
[EventType "swiss"]
[EventRounds "9"]
[EventCountry "CZE"]
[Source "lmi"]
[SourceDate "2016.01.16"]

1. e4 c6 2. d4 d5 3. Nc3 dxe4 4. Nxe4 Nf6 5. Nxf6+ exf6 6. Be3 Bd6 7. Bd3 O-O
8. Qd2 Re8 9. Ne2 Nd7 10. c4 Nf8 11. O-O Bg4 12. h3 Bh5 13. Nf4 Bxf4 14. Bxf4
Bg6 15. Bxg6 Nxg6 16. Be3 Qd6 17. Rad1 Rad8 18. Qc1 Qe6 19. b3 Nh4 20. Rfe1 Qe4
21. f3 Qg6 22. Re2 Nxf3+ 23. Kh1 Nxd4 24. Qd2 Ne6 25. Qe1 Rxd1 26. Qxd1 Rd8 27.
Rd2 Rxd2 28. Qxd2 a6 29. Qd7 h6 30. Qxb7 Qe4 31. Qb6 f5 32. Kh2 f4 33. Bf2 f3
34. g3 Qe2 35. Kg1 Qd1+ 36. Kh2 Qf1 0-1

[Event "Marienbad Open 2016"]
[Site "Marianske Lazne CZE"]
[Date "2016.01.23"]
[Round "9.26"]
[White "Klepal, Martin"]
[Black "Dwilewicz, Katarzyna"]
[Result "0-1"]
[WhiteElo "1922"]
[BlackElo "1807"]
[PlyCount "58"]
[EventDate "2016.01.16"]
[EventType "swiss"]
[EventRounds "9"]
[EventCountry "CZE"]
[Source "lmi"]
[SourceDate "2016.01.16"]

1. c4 e5 2. Nc3 Nf6 3. g3 d5 4. cxd5 Nxd5 5. Bg2 Nb6 6. Nf3 Nc6 7. O-O Be6 8.
b3 Be7 9. Bb2 O-O 10. d3 Qd7 11. Ne4 f6 12. Qd2 h6 13. Rfd1 f5 14. Nc3 Rfd8 15.
Ne1 a5 16. Qc1 Bb4 17. Nc2 Nd4 18. Nxd4 exd4 19. Nb1 c6 20. Ba3 Nd5 21. Bxb4
Nxb4 22. Nd2 Re8 23. Re1 a4 24. Nc4 axb3 25. Nb6 Rxa2 26. Rxa2 Nxa2 27. Qb2 Qd6
28. Nc4 Qb4 29. Kf1 Bxc4 0-1

[Event "Marienbad Open 2016"]
[Site "Marianske Lazne CZE"]
[Date "2016.01.23"]
[Round "9.29"]
[White "Panos, Jan"]
[Black "Haslinger, Ewald"]
[Result "1-0"]
[WhiteElo "1819"]
[BlackElo "1630"]
[PlyCount "97"]
[EventDate "2016.01.16"]
[EventType "swiss"]
[EventRounds "9"]
[EventCountry "CZE"]
[Source "lmi"]
[SourceDate "2016.01.16"]

1. d4 f5 2. g3 Nf6 3. Bg2 e6 4. c4 Be7 5. Nc3 O-O 6. Nf3 d6 7. O-O Nbd7 8. Bf4
h6 9. h4 Qe8 10. Nb5 Bd8 11. Re1 e5 12. dxe5 dxe5 13. Be3 c6 14. Nd6 Qh5 15.
Qd2 Ne4 16. Nxe4 fxe4 17. Nh2 Be7 18. Bxe4 Nf6 19. Bf3 Qg6 20. b4 Ng4 21. Nxg4
Bxg4 22. Bg2 Bxh4 23. Qd3 Bf5 24. Qb3 Be6 25. Bc5 Rfd8 26. gxh4 b6 27. Bxb6
axb6 28. Qg3 Qxg3 29. fxg3 Bxc4 30. Bxc6 Rxa2 31. Rxa2 Bxa2 32. Kf2 Rd4 33. b5
Kf7 34. Ra1 Rd2 35. Rxa2 Rxa2 36. Bd5+ Ke7 37. Bxa2 Kd6 38. Bf7 Ke7 39. Bc4 Kd6
40. Ke3 Kc5 41. Bd3 Kd5 42. h5 Kc5 43. Ke4 Kd6 44. Kf5 Ke7 45. Kg6 Kf8 46. Bc4
Ke7 47. Kxg7 Ke8 48. Kxh6 Kf8 49. Kg6 1-0

[Event "Marienbad Open 2016"]
[Site "Marianske Lazne CZE"]
[Date "2016.01.23"]
[Round "9.30"]
[White "Ruzicka, Tomas"]
[Black "Pucholt, Martin"]
[Result "0-1"]
[WhiteElo "1811"]
[BlackElo "1640"]
[PlyCount "66"]
[EventDate "2016.01.16"]
[EventType "swiss"]
[EventRounds "9"]
[EventCountry "CZE"]
[Source "lmi"]
[SourceDate "2016.01.16"]

1. e4 c5 2. f4 d6 3. Nf3 Nc6 4. Bb5 Bd7 5. Bxc6 Bxc6 6. d3 g6 7. O-O Bg7 8. c3
Nf6 9. Ng5 O-O 10. f5 Bd7 11. fxg6 fxg6 12. Qb3+ d5 13. exd5 Qb6 14. c4 Qxb3
15. axb3 a6 16. Nc3 Ng4 17. Bd2 Bd4+ 18. Kh1 Nf2+ 19. Rxf2 Rxf2 20. Nf3 Bxc3
21. Bxc3 Bg4 22. Ne5 Be2 23. Kg1 Rf4 24. Re1 Raf8 25. Nf3 Bxf3 26. gxf3 R8f7
27. Re6 Rxf3 28. Rb6 Rxd3 29. Rxb7 Rdf3 30. Rc7 h5 31. Rc8+ Rf8 32. Rxc5 h4 33.
h3 Rf1+ 0-1

[Event "Marienbad Open 2016"]
[Site "Marianske Lazne CZE"]
[Date "2016.01.23"]
[Round "9.31"]
[White "Musial, Tomasz"]
[Black "Dolezal, Rudolf"]
[Result "1-0"]
[WhiteElo "1689"]
[BlackElo "1787"]
[PlyCount "47"]
[EventDate "2016.01.16"]
[EventType "swiss"]
[EventRounds "9"]
[EventCountry "CZE"]
[Source "lmi"]
[SourceDate "2016.01.16"]

1. e4 e6 2. d4 c6 3. Bd3 d5 4. e5 c5 5. c3 Nc6 6. Nf3 Qb6 7. O-O cxd4 8. cxd4
Bd7 9. Bc2 f5 10. Nc3 Nge7 11. a3 h6 12. Nh4 Qxd4 13. Nb5 Qxe5 14. Re1 Qb8 15.
Bxf5 a6 16. Bg6+ Nxg6 17. Nxg6 Rg8 18. Bf4 e5 19. Nxe5 Nxe5 20. Bxe5 Qc8 21.
Nc7+ Kd8 22. Nxa8 Qxa8 23. Qxd5 Rh8 24. Qa5+ 1-0

[Event "Marienbad Open 2016"]
[Site "Marianske Lazne CZE"]
[Date "2016.01.23"]
[Round "9.34"]
[White "Zabrzanska, Weronika"]
[Black "Wulff, Jens-Peter"]
[Result "1/2-1/2"]
[WhiteElo "1316"]
[BlackElo "1742"]
[PlyCount "54"]
[EventDate "2016.01.16"]
[EventType "swiss"]
[EventRounds "9"]
[EventCountry "CZE"]
[Source "lmi"]
[SourceDate "2016.01.16"]

1. e4 c6 2. d4 Na6 3. f4 d6 4. Nc3 Nc7 5. Nf3 g6 6. Be3 Bg7 7. Be2 Nh6 8. O-O
Bg4 9. Qe1 O-O 10. h3 Bd7 11. Qg3 f5 12. e5 d5 13. Rae1 Ne6 14. Bd2 b5 15. a3
a5 16. Na2 Qc7 17. Rc1 Rfb8 18. c3 a4 19. Nb4 Qb7 20. Ng5 Nxg5 21. Qxg5 e6 22.
h4 Be8 23. Kf2 Kh8 24. Rh1 Nf7 25. Qg3 Nd8 26. Nd3 Bf8 27. Rh3 h5 1/2-1/2

[Event "Marienbad Open 2016"]
[Site "Marianske Lazne CZE"]
[Date "2016.01.23"]
[Round "9.49"]
[White "Najdecka, Sandra"]
[Black "Kirschenhofer, Sabine"]
[Result "1/2-1/2"]
[WhiteElo "1112"]
[BlackElo "1482"]
[PlyCount "78"]
[EventDate "2016.01.16"]
[EventType "swiss"]
[EventRounds "9"]
[EventCountry "CZE"]
[Source "lmi"]
[SourceDate "2016.01.16"]

1. e4 e5 2. Nf3 Nf6 3. Nxe5 d6 4. Nf3 Nxe4 5. d4 d5 6. Bd3 Bd6 7. Qe2 Qe7 8.
O-O O-O 9. Re1 Re8 10. Nbd2 Bf5 11. b3 Nd7 12. c4 c6 13. Bb2 Bg6 14. Qf1 Qf6
15. Re2 Nxd2 16. Rxd2 Re6 17. Bc2 Rae8 18. Rad1 Bb4 19. Bxg6 hxg6 20. Rc2 Qf5
21. Rcc1 Re2 22. Bc3 Bxc3 23. Rxc3 Rxa2 24. Re1 Rxe1 25. Qxe1 Nf6 26. h3 Ne4
27. Rc1 Rxf2 28. Qa5 a6 29. Qc7 g5 30. Qxb7 Qf4 31. Ra1 Qg3 32. Qc8+ Kh7 33.
Qf5+ g6 34. Qxf7+ Kh8 35. Qf8+ Kh7 36. Qf7+ Kh8 37. Qf8+ Kh7 38. Qf7+ Kh8 39.
Qf8+ Kh7 1/2-1/2